000 00390 a2200157 4500
260 _aParis
260 _bFlammarion Médecine-Sciences
245 _aL'Année en réanimation médicale: colloques du l'hôpital Claude Bernard
100 _aVic-Dupont
260 _c1971
300 _a310
035 _a2768
999 _c18649
_d18649